Statistics for Largest Cities in The United Kingdom 1851-1881

Click here to take the quiz!

General Stats

  • This quiz has been taken 24 times
  • The average score is 51 of 66

Answer Stats

City1851% Change% Correct
Inner London3,899,90043.4
100%
Inner London2,300,39221.1
100%
Inner London2,719,95618.2
100%
Liverpool649,61365.5
100%
Liverpool340,90725.4
100%
Liverpool392,48115.1
100%
London4,711,45649.3
100%
London3,155,11419.9
100%
London2,630,78220.4
100%
Outer London811,55686.5
100%
Outer London330,39015.3
100%
Outer London435,15831.7
100%
Birmingham530,79044.8
96%
Birmingham366,55830.9
96%
Birmingham280,07228.1
96%
Leeds435,53046.6
96%
Leeds257,59014.3
96%
Leeds297,18515.4
96%
Manchester520,66951.1
96%
Manchester344,68419.8
96%
Manchester287,77533.2
96%
Newcastle163,66839.2
96%
Newcastle117,61525.6
96%
Newcastle93,60622.6
96%
Bristol130,3349.2
92%
Bristol119,3278.3
92%
Bristol263,652102.3
92%
Edinburgh296,68039.3
92%
Edinburgh213,0050.0
92%
Edinburgh212,97615.5
92%
Glasgow629,46437.1
92%
Glasgow459,08117.6
92%
Glasgow390,37326.6
92%
Sheffield213,32533.7
92%
Sheffield335,36857.2
92%
Sheffield159,50719.2
92%
Belfast97,78429.8
79%
Belfast208,12274.3
79%
Belfast119,39322.1
79%
Nottingham184,68863.0
79%
Nottingham91,70112.4
79%
Nottingham113,27223.5
79%
Bradford358,71181.4
71%
Bradford197,7344.8
71%
Bradford188,64833.5
71%
Plymouth131,59123.5
71%
Plymouth148,68113.0
71%
Plymouth106,53226.5
71%
Hull166,641118.8
67%
Portsmouth94,82932.7
67%
Sunderland117,00125.4
58%
Sunderland93,29724.3
58%
Sunderland182,54856.0
58%
Dublin263,7513.5
54%
Dublin254,8109.0
54%
Dublin349,58332.5
54%
Bath100,6670.7
33%
Bath98,148-2.5
33%
Bolton94,15814.0
29%
Bolton185,31196.8
29%
Bolton82,56817.5
29%
Oldham200,74946.0
21%
Oldham115,41317.1
21%
Oldham137,51619.2
21%
Blackburn143,93459.3
17%
Stockport85,0906.8
8%

Score Distribution

Percentile by Number Answered

Percent of People with Each Score

Your Score History

You have not taken this quiz